000
00328nam a2200145Ia 4500
100
_a
Boresi/Arthur P
250
_a
6
942
_c
BK
654
_a
mechanics
245
_a
Advanced mechanics of materials
260
_b
John Wiley & Sons
_a
New Delhi
_c
2003
082
_a
620.1123/BOR
_b
BOR
300
_a
681
546
_a
ENGLISH
999
_c
26751
_d
26751